00220 a2200097 4500020001800000082000800018100002200026245001700048260004200065300001500107 a9969363565636 aALI aAbdul Razzaaq Ali aRaameege gas aMale MaldivesbNovelty Printersc2015 a20pc;20cm